| 000 | 00430cam a2200181 4500 | ||
|---|---|---|---|
| 001 | D12548 | ||
| 008 | 090401t1911 xxu||||| |||| 00| 0 eng d | ||
| 035 | _a(Sirsi) u4124 | ||
| 041 | _aeng | ||
| 100 | _aCurtis, C.E. | ||
| 245 | _aEstate management: a practical handbook for landlords, agents and pupils | ||
| 250 | _a6th | ||
| 260 |
_bCox _c1911 |
||
| 350 | _a0 | ||
| 520 | _aShelf 114 | ||
| 942 | _n0 | ||
| 948 | _c04/03/1997 | ||
| 999 |
_c85996 _d85996 |
||